zpět

Detail výsledku týmu

Pardubický Pub PO, Pardubice

Datum a čas kvízu

25 Celkem bodů Celkový počet nahraných bodů na tomto kvízu bez doplňovacích otázek.
2. Pořadí na kvízu Konečné umístění týmu na tomto kvízu.

Zaznamenané odpovědi

# Otázka Odpověď Body Výsledky
1. Lele Ceterové, partnerce bojov... Rocky 1
2. Které oblečení zakázal severok... A 1
3. Minulý týden byly rozdány výro... Madeta 1
4. Jen pár hodin po uvedení na tr... o pivo 0
5. Minulý týden se v Paříži udělo... posedmé 1
6. Po slavných psech a koních při... Francie 0
7. Kocoura na obrázku můžeme znát... Sylvester 1
8. Ve Spojeném království jsou ko... myšilov 1
9. Neopomeneme ani slavné literár... Šklíba 1
10. Téma slavných koček zakončíme... Bastet 0